Music Quiz

Random Music Quiz

Fifth harmony- He like that lyrics Quiz Stats

 Plays Quiz not verified by Sporcle

Score 0/296 Timer 10:00
0 Plays Today
Hint Answer % Correct
that
99.3%
that
99.3%
that
99.3%
that
99.3%
that
99.3%
that
99.3%
that
99.3%
that
99.3%
that
99.3%
that
99.3%
that
99.3%
that
99.3%
that
99.3%
that
99.3%
that
99.3%
that
99.3%
that
99.3%
that
99.3%
that
99.3%
that
99.3%
He
97.8%
He
97.8%
He
97.8%
He
97.8%
He
97.8%
he
97.8%
he
97.8%
He
97.8%
He
97.8%
He
97.8%
He
97.8%
he
97.8%
he
97.8%
He
97.8%
he
97.8%
He
97.8%
he
97.8%
He
97.8%
he
97.8%
He
97.8%
He
97.8%
He
97.8%
He
97.8%
He
97.8%
He
97.8%
He
97.8%
He
97.8%
he
97.8%
like
97%
like
97%
like
97%
like
97%
like
97%
like
97%
like
97%
like
97%
like
97%
like
97%
like
97%
I
95.9%
I
95.9%
I
95.9%
I
95.9%
I
95.9%
I
95.9%
a
95.5%
a
95.5%
a
95.5%
a
95.5%
a
95.5%
a
95.5%
a
95.5%
a
95.5%
a
95.5%
a
95.5%
a
95.5%
a
95.5%
a
95.5%
a
95.5%
a
95.5%
a
95.5%
a
95.5%
got
93.7%
got
93.7%
got
93.7%
got
93.7%
got
93.7%
got
93.7%
got
93.7%
it
92.9%
it
92.9%
it?
92.9%
it
92.9%
it
92.9%
it
92.9%
it
92.9%
it
92.9%
it
92.9%
it
92.9%
Hint Answer % Correct
it
92.9%
and
91.8%
and
91.8%
and
91.8%
and
91.8%
and
91.8%
and
91.8%
and
91.8%
and
91.8%
and
91.8%
and
91.8%
and
91.8%
and
91.8%
and
91.8%
and
91.8%
and
91.8%
and
91.8%
and
91.8%
and
91.8%
and
91.8%
and
91.8%
on
89.6%
on
89.6%
on
89.6%
boy
89.2%
the
89.2%
the
89.2%
the
89.2%
the
89.2%
the
89.2%
boy
89.2%
the
89.2%
the
89.2%
the
89.2%
You
88.8%
You
88.8%
You
88.8%
you
88.8%
you
88.8%
you
88.8%
bang
88.1%
bang
88.1%
bang
88.1%
bang
88.1%
bang
88.1%
bang
88.1%
bang
88.1%
girl
87.7%
girl
87.7%
love
87.7%
love
87.7%
love
87.7%
love
87.7%
love
87.7%
love
87.7%
girl
87.7%
love
87.7%
love
87.7%
love
87.7%
love
87.7%
good
87.3%
want
87.3%
want
87.3%
want
87.3%
bump
86.9%
bump
86.9%
bump
86.9%
bump
86.9%
bump
86.9%
bump
86.9%
bump
86.9%
bump
86.9%
bump
86.9%
bump
86.9%
bump
86.9%
bump
86.9%
bump
86.9%
bump
86.9%
bump
86.9%
pumps
85.8%
Pumps
85.8%
pumps
85.8%
pumps
85.8%
Pumps
85.8%
pumps
85.8%
pumps
85.8%
Pumps
85.8%
pumps
85.8%
pumps
85.8%
Pumps
85.8%
Pumps
85.8%
pumps
85.8%
Pumps
85.8%
Pumps
85.8%
attitude
84.3%
kinda
84%
one
82.8%
taste
82.8%
one
82.8%
Hint Answer % Correct
taste
82.8%
bad
82.5%
drug
82.5%
drug
82.5%
drug
82.5%
drug
82.5%
drug
82.5%
drug
82.5%
bad
82.5%
in
80.2%
know
79.9%
know
79.9%
know
79.9%
with
79.1%
with
79.1%
with
79.1%
with
79.1%
be
78.7%
be
78.7%
excited
78%
I'm
78%
trip
78%
when
78%
I'm
78%
trip
78%
when
78%
your
76.5%
to
76.5%
to
76.5%
to
76.5%
arm
75%
try
75%
girls
75%
girls
75%
try
75%
girls
75%
tats
74.6%
wanna
74.6%
but
74.6%
but
74.6%
but
74.6%
wanna
74.6%
beat
72.4%
beat
72.4%
hide
72%
how
70.5%
swaggy
70.1%
inside
69%
stupid
68.3%
stupid
68.3%
up
67.9%
bomb
66.8%
bomb
66.8%
bomb
66.8%
bomb
66.8%
bomb
66.8%
bomb
66.8%
for
66.8%
for
66.8%
bomb
66.8%
bomb
66.8%
bomb
66.8%
bass
65.7%
rough
65.3%
won't
64.9%
dumb
64.6%
dumb
64.6%
cash
63.1%
my
63.1%
them
62.7%
still
62.7%
health
62.3%
get
61.2%
thing
61.2%
dope
60.8%
money
60.4%
his
60.1%
put
59.7%
all
59.3%
ever
57.8%
neck
57.5%
some
56.7%
lose
56.3%
brain
56.3%
make
56%
is
56%
nine
55.6%
hit
55.2%
run
55.2%
thang
45.5%
overnight-ing
42.5%
going
42.2%
their
41.4%
five-ing
39.9%
Chorus Chorus
22.8%
ChorusChorus
22.8%
Chorus Chorus
22.8%
Chorus Chorus
22.8%

You're not logged in!

Compare scores with friends on all Sporcle quizzes.
OR
Log In

Sporcle TV

Today on Sporcle TV


Watch our educational content, quiz creation guides, and fun videos on Sporcle TV.

Show Comments

Extras

Created Aug 27, 2017ReportNominate
Tags:fifth

Top Quizzes Today


Score Distribution

Your Account Isn't Verified!

In order to create a playlist on Sporcle, you need to verify the email address you used during registration. Go to your Sporcle Settings to finish the process.

Report this User

Report this user for behavior that violates our Community Guidelines.

Details: